PRACTICAL MANUAL OF PHARMACEUTICAL CHEMISTRY- I (Record no. 5885)

MARC details
000 -LEADER
fixed length control field 00500nam a22001817a 4500
005 - DATE AND TIME OF LATEST TRANSACTION
control field 20240109131548.0
008 - FIXED-LENGTH DATA ELEMENTS--GENERAL INFORMATION
fixed length control field 190528b xxu||||| |||| 00| 0 eng d
020 ## - INTERNATIONAL STANDARD BOOK NUMBER
ISBN 978-93-86084-75-0
041 ## - LANGUAGE CODE
Language code of text/sound track or separate title eng
082 ## - DEWEY DECIMAL CLASSIFICATION NUMBER
Classification number 615.19
100 ## - MAIN ENTRY--AUTHOR NAME
Personal name GUPTA, DR. G.D SHARMA DR. SHAILESH AND SINGH, BALJEEET
245 ## - TITLE STATEMENT
Title PRACTICAL MANUAL OF PHARMACEUTICAL CHEMISTRY- I
250 ## - EDITION STATEMENT
Edition statement 5th , Ed. 2019
260 ## - PUBLICATION, DISTRIBUTION, ETC. (IMPRINT)
Place of publication PUNE
Name of publisher NIRALI PRAKASHAN
300 ## - PHYSICAL DESCRIPTION
Number of Pages 88p,
650 ## - SUBJECT ADDED ENTRY--TOPICAL TERM
Topical Term PHARMACY
General subdivision B.PHARMA
942 ## - ADDED ENTRY ELEMENTS (KOHA)
Koha item type Books
Holdings
Lost status Damaged status Collection code Home library Current library Shelving location Date acquired Source of acquisition Cost, normal purchase price Full call number Accession Number Koha item type
    PHARMACY JRU Library JRU Library Shelf - 27- I 28/05/2019 PURCHESS 80.00 615.19 22818 Books
    PHARMACY JRU Library JRU Library Shelf - 27- I 28/05/2019 PURCHESS 80.00 615.19 22819 Books
    PHARMACY JRU Library JRU Library Shelf - 27- I 28/05/2019 PURCHESS 80.00 615.19 22820 Books
    PHARMACY JRU Library JRU Library Shelf - 27- H 10/02/2022 PURCHASE 160.00 615.19 26298 Books
    PHARMACY JRU Library JRU Library Shelf - 27- H 10/02/2022 PURCHASE 160.00 615.19 26299 Books
    PHARMACY JRU Library JRU Library Shelf - 27- H 10/02/2022 PURCHASE 160.00 615.19 26300 Books
    PHARMACY JRU Library JRU Library Shelf - 27- H 10/02/2022 PURCHASE 160.00 615.19 26301 Books
    PHARMACY JRU Library JRU Library Shelf - 27- H 10/02/2022 PURCHASE 160.00 615.19 26302 Books